Pétalos de violeta / (Record no. 192689)

MARC details
000 -LEADER
campo de control de longitud fija 01143nam a2200325 i 4500
001 - NÚMERO DE CONTROL
campo de control 192689
003 - IDENTIFICADOR DE NÚMERO DE CONTROL
campo de control SpMaBN
005 - FECHA Y HORA DE LA ÚLTIMA TRANSACCIÓN
campo de control 20240528062746.0
007 - CAMPO FIJO DE DESCRIPCIÓN FÍSICA--INFORMACIÓN GENERAL
campo de control de longitud fija ta
008 - DATOS DE LONGITUD FIJA--INFORMACIÓN GENERAL
campo de control de longitud fija 230512s2020 sp a | |||| 000 pdspa
017 ## - NÚMERO DE COPYRIGHT O DE DEPÓSITO LEGAL
Número de copyright o de depósito legal GR 1029-2020
Agencia que asigna Oficina Depósito Legal Granada
020 ## - NÚMERO INTERNACIONAL ESTÁNDAR DEL LIBRO
Número Internacional Estándar del Libro 9788417712785
040 ## - FUENTE DE CATALOGACIÓN
Centro catalogador/agencia de origen SpMaBN
Lengua de catalogación spa
Centro/agencia transcriptor ES-MaACL
Normas de descripción rda
080 ## - NÚMERO DE LA CLASIFICACIÓN DECIMAL UNIVERSAL
Número de la Clasificación Decimal Universal 821.134.2-14"19"
100 1# - ENTRADA PRINCIPAL--NOMBRE DE PERSONA
Nombre de persona López Expósito, Ana María
Término indicativo de función/relación Autor
9 (RLIN) 176562
245 10 - MENCIÓN DEL TÍTULO
Título Pétalos de violeta /
Mención de responsabilidad, etc. Ana María López Expóxito.
250 ## - MENCION DE EDICION
Mención de edición 1ª edición: año 2020
264 #1 - PRODUCCIÓN, PUBLICACIÓN, DISTRIBUCIÓN, FABRICACIÓN Y COPYRIGHT
Producción, publicación, distribución, fabricación y copyright Molvízar (Granada) :
Nombre del de productor, editor, distribuidor, fabricante Granada Club Selección,
Fecha de producción, publicación, distribución, fabricación o copyright 2020.
300 ## - DESCRIPCIÓN FÍSICA
Extensión 305 páginas :
Otras características físicas fotografías (blanco y negro) ;
Dimensiones 22 cm
336 ## - TIPO DE CONTENIDO
Término de tipo de contenido Texto
Fuente rdacontent
337 ## - TIPO DE MEDIO
Nombre/término del tipo de medio sin mediación
Fuente rdamedia
338 ## - TIPO DE SOPORTE
Nombre/término del tipo de soporte volumen
Fuente rdacarrier
500 ## - NOTA GENERAL
Nota general Índice
655 #7 - TERMINO DE INDIZACIÓN--GENERO/FORMA
Datos o término principal de género/forma Poesías
Fuente del término tgfbne
9 (RLIN) 176539
852 ## - LOCALIZACIÓN
Ubicación ES-MaACL
Sublocalización o colección R.154376
Ubicación en estantería Depósito J
Donativo/Legado Donación: Ana María López Expósito
Número de control de estantería N-8305
Nota libre Dedicatoria autógrafa de la autora
itemnumber 199985
903 ## - NOMBRE PERSONAL DE DONANTE
a López Expósito, Ana María
e Donante
9 176562
942 ## - ELEMENTOS DE ENTRADA SECUNDARIOS (KOHA)
Suprimir en OPAC No
Tipo de ítem Koha Libro impreso
Holdings
Estatus retirado Estado de pérdida Fuente del sistema de clasificación o colocación Estado de daño No para préstamo Colección Biblioteca de origen Biblioteca actual Ubicación en estantería Fecha de adquisición Fuente de adquisición Número de control de estantería Total de préstamos Signatura topográfica completa Código de barras Visto por última vez Tipo de ítem Koha Nota pública
    Clasificación decimal universal     Libros con dedicatorias Biblioteca del Ateneo de Madrid Biblioteca del Ateneo de Madrid Depósito J 12/05/2023 Donación Ateneísta   N-8305 101205158 12/05/2023 Libro impreso Dedicatoria autógrafa de la autora